Szczegóły MARC21

Niemcy - narodziny państwa : Celtowie, Rzymianie, Germanie /

003 -Nazwa inst., której nr kontr. jest w polu 001 [,]
    • @
    • Nazwa instytucji, której n kontrolny jest w polu 001
    • NUKAT
005 -DATA I CZAS OSTATNIEJ MODYFIKACJI [,]
    • @
    • pole kontrolne
    • 20241231101518.0
020 -Międzynarod. znormalizowany nr książki - ISBN [ , ]
    • a
    • Numer ISBN
    • 9788301151782 Find
040 -Instytucja sporządzająca opis [ , ]
    • a
    • Instytucja, która sporządziła opis (NP)
    • WR U/hp
    • c
    • Instytucja, która sporządziła rekord (NP)
    • WR U/hp
    • d
    • Instytucja, która zmodyfikowała rekord (P)
    • WR U/dl
    • d
    • Instytucja, która zmodyfikowała rekord (P)
    • WR U/MBs
041 -Język dokumentu [1, ]
    • a
    • Język tekstu (P)
    • polski
    • h
    • Język tekstu oryginalnego i/lub pośredniego (P)
    • niemiecki
942 -Rodzaj dokumentu [ , ]
    • c
    • Rodzaj dokumentu
    • Książka
100 -Hasło główne - nazwa osobowa [1, ]
    • a
    • Nazwa osobowa (NP)
    • Prinz, Friedrich
    • d
    • Daty biograficzne (NP)
    • (1928-2003).
    • 9
    • KHW
    • 12995
240 -Tytuł ujednolicony [1,0]
    • a
    • Tytuł ujednolicony
    • Deutschlands Frühgeschichte
    • l
    • Język tekstu
    • (pol.)
    • 9
    • KHW
    • 448660
245 -Strefa tytułu i oznaczenia odpowiedzialności [1,0]
    • a
    • Tytuł
    • Niemcy - narodziny państwa : Find
    • b
    • Ciąg dalszy tytułu (NP)
    • Celtowie, Rzymianie, Germanie / Find
    • c
    • Pozostałe elementy strefy tytułu i oznaczenia odpowiedzialności (NP)
    • Friedrich Prinz ; tłumaczyła Dorota Fałkowska.
260 -Strefa adresu wydawniczego [ , ]
    • a
    • Miejsce wydania (P)
    • Warszawa :
    • b
    • Nazwa wydawcy (P)
    • Wydawnictwo Naukowe PWN,
    • c
    • Data wydania (P)
    • 2007.
300 -Strefa opisu fizycznego [ , ]
    • a
    • Określenie formy książki i/lub objętość (NP)
    • 291, [1] s. ;
    • c
    • Format (NP)
    • 25 cm.
336 -Typ zawartości [ , ]
    • a
    • Termin opisujący typ zawartości
    • Tekst
    • b
    • Kod określający zawartość
    • txt
    • 2
    • Źródło (terminu i kodu)
    • rdacontent
337 -Typ mediów [ , ]
    • a
    • Tryb odtwarzania
    • Bez urządzenia pośredniczącego
    • b
    • Kod typu mediów
    • n
    • 2
    • Źródło (terminu i kodu)
    • rdamedia
338 -Typ/rodzaj nośnika [ , ]
    • a
    • Hasło opisujące typ nośnika
    • Wolumin
    • b
    • Kod typu nośnika
    • nc
    • 2
    • Źródło (terminu i kodu)
    • rdacarrier
504 -Uwaga dot. bibliogr. załącznikowej [ , ]
    • a
    • Uwaga dot. bibliografii załącznikowej
    • Bibliogr. s. 270-281. Indeks.
080 -Uniwersalna Klasyfikacja Dziesiętna [ , ]
    • 2
    • Identyfikator wydania tablic
    • UDC-P058
    • a
    • Symbol klasyfikacji
    • 94(430)
    • b
    • Dopowiedzenie
    • Niemcy. Republika Federalna Niemiec (historia).
    • x
    • Poddział wspólny
    • ".../08"
    • b
    • Dopowiedzenie
    • Do IX wieku.
650 -Hasło przedmiotowe [ ,7]
    • a
    • Hasło przedmiotowe
    • Germanie.
    • 2
    • Źródło terminu
    • kaba
    • 9
    • KHW
    • 109965
650 -Hasło przedmiotowe [ ,7]
    • a
    • Hasło przedmiotowe
    • Kościół
    • y
    • Określnik chronologiczny
    • 30-600 (Kościół pierwotny).
    • 2
    • Źródło terminu
    • kaba
    • 9
    • KHW
    • 115540
650 -Hasło przedmiotowe [ ,7]
    • a
    • Hasło przedmiotowe
    • Kościół
    • y
    • Określnik chronologiczny
    • 600-1500 (Średniowiecze).
    • 2
    • Źródło terminu
    • kaba
    • 9
    • KHW
    • 115544
650 -Hasło przedmiotowe [ ,7]
    • a
    • Hasło przedmiotowe
    • Cywilizacja starożytna
    • x
    • Określnik rzeczowy
    • wpływ.
    • 2
    • Źródło terminu
    • kaba
    • 9
    • KHW
    • 392245
651 -Hasło przedmiotowe w formie nazwy geograficznej [ ,7]
    • a
    • Nazwa geograficzna
    • Niemcy
    • y
    • Określnik chronologiczny
    • do 843.
    • 2
    • Źródło terminu
    • kaba
    • 9
    • KHW
    • 121326
651 -Hasło przedmiotowe w formie nazwy geograficznej [ ,7]
    • a
    • Nazwa geograficzna
    • Królestwo Franków
    • y
    • Określnik chronologiczny
    • 476-687 (Merowingowie).
    • 2
    • Źródło terminu
    • kaba
    • 9
    • KHW
    • 116075
651 -Hasło przedmiotowe w formie nazwy geograficznej [ ,7]
    • a
    • Nazwa geograficzna
    • Królestwo Franków
    • y
    • Określnik chronologiczny
    • 687-751.
    • 2
    • Źródło terminu
    • kaba
    • 9
    • KHW
    • 163248
651 -Hasło przedmiotowe w formie nazwy geograficznej [ ,7]
    • a
    • Nazwa geograficzna
    • Królestwo Franków
    • x
    • Określnik rzeczowy
    • cywilizacja.
    • 2
    • Źródło terminu
    • kaba
    • 9
    • KHW
    • 448617
980 -Symbol UKD [ , ]
    • a
    • UKD
    • 94(430)".../08"
700 -Hasło dodatkowe - nazwa osobowa [1, ]
    • a
    • Nazwa osobowa (NP)
    • Fałkowska, Dorota. Find
    • e
    • Określenie rodzaju współpracy
    • Tł.
    • 9
    • KHW
    • 448658
710 -Hasło dodatkowe - nazwa ciała zbiorowego [2, ]
    • a
    • Nazwa ciała zbiorowego lub nazwa geograficzna jako pierwszy element (NP)
    • Wydawnictwo Naukowe PWN.
    • 4
    • Kod relacji
    • pbl
    • 9
    • KHW
    • 52648
920 -ISBN [ , ]
    • a
    • ISBN
    • 978-83-01-15178-2 Find
Data inwentaryzacji Sygnatura Lokalizacja Status udost. Numer inwentarzowy
2008-01-17 BG-2WM.7536
2008-01-17 BG-2WM.7537
2008-01-17 BG1Z.110060
2018-04-20GERM. Historia Niemiec 39BM1G.19248
2008-06-03 BNS1H.17794